Регионална библиотека "Любен Каравелов" - Русе

Дракони в райската градина (Запис номер 171479)

MARC детайли
000 -Лидер
Контролно поле с фиксирана дължина 02082nam a2200433 c 4500
003 - Код на организацията, давaща контролен номер
Контролно поле BLK
005 - Дата и час на последна редакция
Контролно поле 20241216103838.0
008 - Елементи от данни с фиксирана дължина
fixed length control field 180411b bul|||||r ||||||| ||bul||
010 ## - Наследен системен номер
LC control number KNG00179751000
020 ## - Международен стандартен номер на книга ISBN
Международен стандартен номер на книга ISBN 978-619-152-498-3
-- издат.: Изток-Запад
040 ## - Източник на каталожния запис
Идентификатор на билиотеката - собственик на записа BLK
041 ## - Код за език
Код за езика на текст/звукозапис или на отделно заглавие Български
Код за езика КДБФ Български
072 #7 - Код за тематичната категория
Код организация bullib
Код за тематична категория Н15
Текст Психология Н
080 ## - УДК
Текстов определител УДК Висши психически процеси
УДК код - определител по УДК 159.95
УДК определител
УДК - код + определител 159.95
080 ## - УДК
Текстов определител УДК Еволюционно учение. Дарвинизъм. Видообразуване. Филогенез - Борба за съществуване, изолация, адаптация, отбор и др. Биомакромолекули, молекулярна еволюция, клетки и субклетъчни структури, тъ
УДК код - определител по УДК 575.8
УДК определител
УДК - код + определител 575.8
100 1# - Редна дума - Автор
Автор Сейгън, Карл
Авторска отговорност първи автор
R(LIN) 119422
139 ## - Редно поле
Редна дума Сейгън, Карл
Авторски знак Се - С 30
245 10 - Сведения за заглавието
Заглавие Дракони в райската градина
Подзаглавни данни Размисли върху еволюцията на човешкия интелект
Редно поле (дума) Карл Сейгън; прев. от англ. Милена Боринова.
257 ## - Страна на издаване
Страна на създаване/издаване Съединени американски щати
260 ## - Област на издателските данни
-- София
Име на издателя, разпространителя и проч. Изток-Запад
Година на издаване 2014
300 ## - Физическа характеристика
Страници 259 с.
Размери/Мащаб 22 см
380 ## - Жанр
Жанр Философия
500 ## - Общи забележки
Забележка Ориг. загл.: The dragons of edem / Carl Sagan. - Библиогр.: с. 234-242. - Азб. показалец.
650 #4 - Допълнително описание по предмет – тема
Основно описание – тема или топоним Интелект
9 (RLIN) 157292
650 #4 - Допълнително описание по предмет – тема
Основно описание – тема или топоним Главен мозък
9 (RLIN) 270033
650 #4 - Допълнително описание по предмет – тема
Основно описание – тема или топоним Еволюция
9 (RLIN) 154115
653 ## - Ключова дума – ненормативна
Ключова дума еволюция
653 ## - Ключова дума – ненормативна
Ключова дума човешка природа
653 ## - Ключова дума – ненормативна
Ключова дума човешки мозък
653 ## - Ключова дума – ненормативна
Ключова дума интелектуално развитие
659 ## - Тематичен бюлетин
Тематичен бюлетин Н
700 1# - Други автори (авторска отговорност)
Лично име Боринова, Милена
Автороска отговорност (Описва отношението между автора и произведението) прев. от англ.
9 (RLIN) 41580
852 ## - Местоположение
Форматна сигнатура Цб 275944
856 4# - Електронен адрес и достъп
Електронен формат pdf - файл
Път до файла /url/
856 4# - Електронен адрес и достъп
Електронен формат pdf - файл
Път до файла /url/
942 ## - АРТИКУЛИ
Вид на библиотечния материал Книги
Скрит в OPAC Не
Koha issues (borrowed), all copies 4
944 ## - СЪЗДАВАНЕ И РЕДАКЦИЯ на ЗАПИСА
Създаване/Редакция Създаване
Дата на регистрацията/редакция 13.08.2015
Служител, извършил регистрацията/редакцията 30576
Статус, дата на статуса Цветомила Тодорова
944 ## - СЪЗДАВАНЕ И РЕДАКЦИЯ на ЗАПИСА
Създаване/Редакция Редакция
Дата на регистрацията/редакция 08.12.2015
Служител, извършил регистрацията/редакцията Геновева_Генчева
999 ## - СИСТЕМНИ КОНТРОЛНИ НОМЕРА
Koha biblionumber 171479
Koha biblioitemnumber 171479
Наличности
Код за отписване Код за изгубен артикул Код за повреда Коз за рестрикции Код за отдаване Артикулен № Име на библиотеката - собственик Име на библиотеката, в която се намира в момента Статус (Текущо местоположение) Дата на вписване в системата Местоположение - отдел Цена в лева Инвентарен номер Систематично азбучна сигнатура Баркод Номер на екземпляра Цена в евро Служебна бележка Служебен тип на артикула Източник на класификационната схема
  Не е изгубен Не е повреден без рестрикции ползва се в читалня 291570 Регионална библиотека "Любен Каравелов" Русе Регионална библиотека "Любен Каравелов" Русе Хранилище 2015-08-10 Хранилище 17.00 120000791012 Цб 275944 120000791012 1 8.69 Дост: Dp Вид: Д N: 16 Дата: 31.03.2015 Книги  
  Не е изгубен Не е повреден   заемане за дома 936972 Регионална библиотека "Любен Каравелов" Русе Регионална библиотека "Любен Каравелов" Русе Заемна - подръчен фонд 2023-11-28 Заемна - подръчен фонд 11.90 120000896032 159.95/С 30 К 120000896032   6.08   Книги Universal Decimal Classification
Vip Innovations Ltd, Rousse, Bulgaria 2025